000 00348nam a2200145Ia 4500
003 OSt
005 20240229160242.0
008 170524s9999 xx 000 0 und d
020 _a 9788184350890
040 _cIIMT UNIVERSITY
100 _aMALVIYA SUBHASH
245 0 _aADVERSTING AND PROMOTION
260 _bADHYAYAN : NEW DELHI
942 _2ddc
_c02
999 _c9135
_d9135